000 01006nam0a2200313 4500
001 RU\NLR\bibl\1247941
005 20250615122941.0
010 _a978-5-17-046244-5
_bАСТ
010 _a978-5-9713-5918-0
_bАСТ-МОСКВА
010 _a978-5-9762-4467-2
_bХранитель
_910000
021 _aRU
_b2008-35957
_91978
035 _a(NLR Aleph) 001234079
090 _a216888
_c216888
100 _a20080702d2007 |||y0rusy50 ca
101 1 _arus
_ceng
102 _aRU
105 _ay |||||||||
200 1 _aИскушение ночи
_e[роман]
_fЛидия Джойс
_g[пер. с англ. И. Кузнецовой]
210 _aМосква
_cАСТ [и др.]
_d2007
215 _a253,[1] с.
_d17
225 1 _aОчарование
225 1 _aМини-Шарм
686 _aШ6(7США)67-440.4{Лх1979-50}
700 1 _aДжойс
_bЛ.
_gЛидия
_4070
801 0 _aRU
_bNLR
_c20080702
_gRCR
801 1 _aRU
_bNLR
_c20080702
942 _cBOOK
980 _aNB